000
00297nam a2200109Ia 4500
008
180323s9999 xx 000 0 und d
020
_a
631158332
100
_a
Frith, Uta
245
_a
Autism :
_b
Explaining the enigma
260
_a
Great Britain
_b
1989
_c
Billing & Sons ltd
300
_a
ix, 200 pages
999
_c
356359
_d
356359